00674nam a2200169 i 450000100060000000300090000600500170001500700030003200800410003510000230007624502360009926000760033530000290041165000130044070000180045385200330047135314ES-MaACL20230906155114.0t|030212s1948 sp ||||1| spa d1 aBotvinnik, Mihail.10aBotvinnik, Campeón del Mundo de ajedrez b: todas las partidas del campeonato jugado en La Haya y Moscú en 1948 : recopilación de comentarios de los grandes maestros / cMihail Botvinnik ; revisión técnica de Julio Ganzo. aMadrid : bRicardo Aguilera, c1948 (eToledo : fRafael Gómez-Menor) a94 p. : bil. ; c16 cm.04aAjedrez.1 aGanzo, Julio. aES-MaACLj1487-F-5 bR.26428